00718nam a2200217 4500003000400000005001700004008004100021020001500062040001800077050001500095100002000110245012300130264004900253300002600302336002200328337002400350338002400374490004000398650003600438700002600474OSt20260530113847.0260420b1979 sp a|||| |||| 00| 0 spa d a8425209048 aICIbspacICI aT14.5bD381 aDavies, Duncan,13aEl técnico en la sociedad /cDuncan daries, tom banfield, ray sheahan ; version castellana de Esteve riambau i sauri 1bGustavo Gili, c1979aBarcelona ; México : a223 páginasc20 cm. atexto2rdacontent asin medio2rdamedia avolumen2rdacarrier0 aColección Tecnología y sociedad 0aTecnologíaxAspectos sociales aBanfield, Tom,eautor